| 000 | 01314nam0a22003251 4500 | ||
|---|---|---|---|
| 001 | rc\3741356 | ||
| 005 | 20250610110424.0 | ||
| 021 |
_aRU _b[69-106353] |
||
| 035 | _a(NLR Aleph) 007870464 | ||
| 090 |
_a7854232 _c7854232 |
||
| 100 | _a20130115d1969 |||y0rusy50 ca | ||
| 101 | 0 | _arus | |
| 102 | _aRU | ||
| 105 | _ay z ||||| | ||
| 200 | 1 | _aРешение условия унитарности для амплитуды упругого рассеяния в области высоких энергий | |
| 210 |
_a[Серпухов _cБ. и. _d1969] |
||
| 215 |
_a19 с. _d25 |
||
| 225 | 1 |
_aИнститут физики высоких энергий "ИФВЭ". [Издания] _vСТФ 69-65 |
|
| 300 | _aПеред загл. авт.: В.И. Саврин, Н.Е. Тюрин, О.А. Хрусталев | ||
| 309 | _aОтпеч. множит. аппаратом | ||
| 320 | _aБиблиогр.: с. 19 | ||
| 606 |
_aЭлементарные частицы (физ.) при высоких энергиях _xРассеяние _2psbo |
||
| 700 | 1 |
_aСаврин _bВ.И. _f1944- _gВиктор Иванович |
|
| 701 | 1 |
_aТюрин _bН.Е. |
|
| 701 | 1 |
_aХрусталев _bО.А. |
|
| 801 | 0 |
_aRU _bNLR _gpsbo |
|
| 801 | 1 |
_aRU _bELAR _2rusmarc |
|
| 852 |
_aNLR _jП7/1175 |
||
| 942 | _cBOOK | ||
| 980 | _aNB | ||